Escuelas politécnica
Presenta un anteproyecto arquitectónico de una escuela, ya que actualmente no cuenta con las condiciones adecuadas de acuerdo a los principios urbanisticos contemporáneos.
| Main Author: | |
|---|---|
| Other Authors: | |
| Format: | Tesis Section = Libro |
| Language: | Undetermined Spanish |
| Published: |
Guatemala
USAC-G
1972
|
| Subjects: |
| LEADER | 00796nam a2200217Ia 4500 | ||
|---|---|---|---|
| 008 | 240830s9999 xx 000 0 und d | ||
| 040 | |a BIBLIOTECA-RUSB/ Mon 727.47281 H565 | ||
| 041 | |a spa | ||
| 082 | |a Mon 727.47281 H565 | ||
| 100 | 1 | |a Herrera Gantembien, Mario Roberto | |
| 245 | 1 | 0 | |a Escuelas politécnica |
| 260 | |a Guatemala |b USAC-G |c 1972 | ||
| 300 | |a 33 p. :il. | ||
| 502 | |a Tesis (Arquitecto) - USAC-G, 1972. | ||
| 520 | 3 | |a Presenta un anteproyecto arquitectónico de una escuela, ya que actualmente no cuenta con las condiciones adecuadas de acuerdo a los principios urbanisticos contemporáneos. | |
| 650 | 7 | |a ESCUELAS TECNICAS | |
| 650 | 7 | |b CONSTRUCCIONES ESCOLARES - GUATEMALA | |
| 700 | 1 | |a Tutor: |b Aycinena Echavarría, Roberto | |
| 942 | |c BK |2 ddc | ||
| 991 | |a TESIS | ||
| 999 | |c 21407 | ||